01058naa a2200229 i 4500001000400000003000400004005001700008008003900025040000800064041000800072044000800080100013600088245014600224260001000370500004200380655003000422700013400452711011400586773010000700942001300800999001500813BPPBPK20180426133536.0150602s2006 CZE f |100 0 eng cBPK aeng aCZE aHRYNIEWICZ, Tadeusz.d1996 - .bPolitechnika Koszalińska - Wydział Mechaniczny,cKatedra Elektrochemii i Technologii Powierzchni aEffect of burnishing surfaces of regular triangle-in-section unevenesses on the corrosion resistance /cTadeusz Hryniewicz, Krzysztof Rokosz. c2006. aDane z bibliografii załącznikowej. 0aMateriały konferencyjne. aROKOSZ, Krzysztof.d2002 - .bPolitechnika Koszalińska - Wydział Mechaniczny,cKatedra Elektrochemii i Technologii Powierzchni aInternational Metallurgical and Materials Conference METAL 2006n(15 ;d2006 ;cHradec, Czechy).pMETAL 2006 iW :tProc. of the 15th International Metallurgical & Materials Conference METAL. -g2006, s. 66 cART2UKD c1157d1157